| 000 | 00461pab a2200169 454500 | ||
|---|---|---|---|
| 008 | 180718b2005 xxu||||| |||| 00| 0 eng d | ||
| 100 | _aSastri, A.S. Rama | ||
| 245 | _aIs there excess capacity in Indian banking? An empirical study during the post reforms period | ||
| 260 | _c2005 | ||
| 300 | _ap.185-96. | ||
| 362 | _aAug | ||
| 650 | _aBanks - India | ||
| 650 | _aBanks | ||
| 700 | _aJayraman, A.R. | ||
| 773 | _aAsian Economic Review | ||
| 909 | _a66612 | ||
| 999 |
_c66612 _d66612 |
||